| 000 | 00000nam 2200000zi 4500 |
| 001 | 9.898047 |
| 003 | CaOODSP |
| 005 | 20240716115749 |
| 006 | m o d f |
| 007 | cr |n||||||||| |
| 008 | 210326s1981 onc o f000 0|eng d |
| 040 | |aCaOODSP|beng|erda|cCaOODSP |
| 043 | |an-cn-on |
| 086 | 1 |aRE24-23/1981E-PDF |
| 245 | 00|aNorthern Ontario rural development agreement : |ba subsidiary agreement to the Canada-Ontario General Development Agreement signed March 2, 1981. |
| 246 | 33|aCanada-Ontario Subsidiary Agreement, Northern Rural Development |
| 264 | 1|a[Ottawa] : |b[Department of Regional Economic Expansion], |c[1981] |
| 300 | |a1 online resource (29 pages, 2 pages, 1 page) |
| 336 | |atext|btxt|2rdacontent |
| 337 | |acomputer|bc|2rdamedia |
| 338 | |aonline resource|bcr|2rdacarrier |
| 500 | |aDigitized edition from print [produced by Innovation, Science and Economic Development Canada]. |
| 500 | |aIssued also in French under title: Entente de développement rural Nord-Ontarien : une entente auxiliaire en vertu de l'entente-cadre de développement Canada-Ontario signée le 2 mars, 1981. |
| 650 | 0|aRural development|zOntario, Northern. |
| 650 | 0|aRegional planning|zOntario, Northern. |
| 650 | 0|aEconomic assistance, Domestic|zOntario, Northern. |
| 650 | 5|aFederal government|zOntario, Northern. |
| 710 | 1 |aCanada. |bDepartment of Regional Economic Expansion, |eissuing body. |
| 775 | 08|tEntente de développement rural Nord-Ontarien : |w(CaOODSP)9.940596 |
| 856 | 40|qPDF|s685 KB|uhttps://publications.gc.ca/collections/collection_2024/isde-ised/re24/RE24-23-1981-eng.pdf |